00673nam a2200241 a 4500001001300000003000900013005001700022008004100039020001000080082001600090100001500106245003100121260003300152300000900185500003500194505001000229650003100239700001500270902000800285942000700293952011600300999001500416nice12345678IN_TiNIC20260116012124.0050524s1957 boma grp 000 0 eng  ac10000a954.04bMEN aMenon, V P aTransfer of Power in India aBombaybOrient Longmanc1957 a532p aincludes index and biblioraphy2 aIndex aIndia-History Independence1 aMenon, V P bSRS cBK 001040708StackRoom-aHMIbHMId2007-04-05g100.00l0o954.04 MENp08846r2007-04-05v100.00w2005-05-24yBK c5735d5735